| 000 | 01384nam a2200289Ia 4500 | ||
|---|---|---|---|
| 008 | 130821s2007 mx gr spa | ||
| 020 | _a9789682327117 | ||
| 040 |
_aCo-BoUCM _bspa |
||
| 041 | 0 | 0 | _aspa |
| 100 | 1 |
_aRaymont, Henry _9164498 |
|
| 245 | 1 | 0 |
_aVecinos en conflicto la historia de las relaciones entre Estados Unidos y Latinoamérica, desde Franklin Delano Roosevelt hasta nuestros días _cHenry Raymont ; traducción de Luciano Padilla ; revisión de Victoria Schussheim y Josefina Anaya |
| 260 |
_aMéxico D.F. (México) _bSiglo XXI _c2007 |
||
| 300 | _a393 páginas | ||
| 490 | 0 | _aSociología y Política | |
| 504 | _aIncluye bibliografía e índice general. | ||
| 650 | 0 | 4 |
_aRelaciones internacionales _98042 |
| 651 | 4 |
_aAmérica Latina _bRelaciones internacionales _ySiglo XX _926570 |
|
| 651 | 4 |
_aAmérica Latina _bRelaciones internacionales _zEstados Unidos _926570 |
|
| 651 | 4 |
_aEstados Unidos _bRelaciones internacionales _ySiglo XX _973409 |
|
| 651 | 4 |
_aEstados Unidos _bRelaciones internacionales _zAmérica Latina _97595 |
|
| 700 | 1 |
_aAnaya, Josefina _erev. _9164499 |
|
| 700 | 1 |
_aPadilla, Luciano _etrad. _9164500 |
|
| 700 | 1 |
_aSchussheim, Victoria _erev. _982894 |
|
| 765 | _tTroubled neighbors: the story of US-Latin American relations, from FDR to the present | ||
| 942 |
_cLIBRO _a6 _e1 _mR273v _2DEWEY _h327.8073 |
||
| 999 |
_c57671 _d57671 |
||